| 000 | 01017cam a2200277 a 4500 | ||
|---|---|---|---|
| 001 | 1389547 | ||
| 003 | ARRUPE | ||
| 005 | 20151104094900.0 | ||
| 008 | 821221s1983 pauc b 010 0 eng | ||
| 010 | _a 82024614 | ||
| 020 | _a0915138530 (pbk.) | ||
| 040 |
_aDLC _cDLC _dDLC _dOCoLC |
||
| 050 | 0 | 0 |
_aBR50 _b.S675 1983 |
| 082 | 0 | 0 |
_a230 _219 |
| 245 | 0 | 0 |
_aSpirit within structure : _bessays in honor of George Johnston on the occasion of his seventieth birthday / _cedited by E.J. Furcha. |
| 260 |
_aAllison Park, Pa. : _bPickwick Publications, _c1983. |
||
| 300 |
_axvi, 199 p. : _bport. ; _c22 cm. |
||
| 440 | 0 |
_aPittsburgh theological monographs ; _vnew ser. 3 _920879 |
|
| 504 | _aIncludes bibliographical references. | ||
| 600 | 1 | 0 |
_aJohnston, George, _d1913-1997. _920880 |
| 650 | 0 |
_aTheology. _xAddresses, essays, lectures _920881 |
|
| 700 | 1 |
_aFurcha, Edward J. _920882 |
|
| 700 | 1 |
_aJohnston, George, _d1913-1997. _920880 |
|
| 906 |
_a7 _bcbc _corignew _d1 _eocip _f19 _gy-gencatlg |
||
| 942 |
_2lcc _cMONOGRAPH |
||
| 999 |
_c123725 _d123725 |
||